<?xml version="1.0" encoding="UTF-8"?>
<collection xmlns="http://www.loc.gov/MARC21/slim">
 <record>
  <leader>07152nam a2200433 a 4500</leader>
  <controlfield tag="001">kal1314</controlfield>
  <controlfield tag="003">Gr-AtHEAL</controlfield>
  <controlfield tag="005">20160425131755.0</controlfield>
  <controlfield tag="006">m        d        </controlfield>
  <controlfield tag="008">160413s2015    gr      s           gre|c</controlfield>
  <datafield tag="020" ind1=" " ind2=" ">
   <subfield code="a">9789606033506</subfield>
  </datafield>
  <datafield tag="040" ind1=" " ind2=" ">
   <subfield code="a">GR-AtHEAL</subfield>
   <subfield code="b">gre</subfield>
   <subfield code="c">GR-AtHEAL</subfield>
  </datafield>
  <datafield tag="082" ind1="0" ind2="4">
   <subfield code="a">530.4</subfield>
   <subfield code="2">23</subfield>
  </datafield>
  <datafield tag="100" ind1="1" ind2=" ">
   <subfield code="a">Γιαννόπαπας, Βασίλειος.</subfield>
   <subfield code="8">875</subfield>
  </datafield>
  <datafield tag="245" ind1="1" ind2="0">
   <subfield code="a">Προβλήματα στη φυσική της συμπυκνωμένης ύλης</subfield>
   <subfield code="h">[Ηλεκτρονικός πόρος] </subfield>
   <subfield code="c">Γιαννόπαπας, Βασίλειος ; Κριτικός αναγνώστης,Παπανικολάου, Νικόλαος ; Γλωσσική επιμέλεια,Δεμέστιχα, Αικατερίνη ; Τεχνική επιμέλεια,Λουκέρη, Σοφία ; .</subfield>
  </datafield>
  <datafield tag="260" ind1=" " ind2=" ">
   <subfield code="a">Αθήνα :</subfield>
   <subfield code="b">Σύνδεσμος Ελληνικών Ακαδημαϊκών Βιβλιοθηκών,</subfield>
   <subfield code="c">c2015.</subfield>
  </datafield>
  <datafield tag="490" ind1=" " ind2=" ">
   <subfield code="a">Ακαδημαϊκά Ηλεκτρονικά Συγγράμματα και Βοηθήματα Κάλλιπος</subfield>
   <subfield code="8">40</subfield>
  </datafield>
  <datafield tag="520" ind1=" " ind2=" ">
   <subfield code="a">Το προτεινόμενο βιβλίο απευθύνεται σε προπτυχιακούς φοιτητές που σπουδάζουν σε τμήματα/ σχολές Φυσικής και θα περιέχει λυμένα προβλήματα της Φυσικής της Συμπυκνωμένης Ύλης (ΦΣΥ). Τέτοιου είδους βιβλίο δεν υπάρχει την ελληνική βιβλιογραφία σχετικά με τη ΦΣΥ, τουλάχιστον εξ’ όσων γνωρίζω ο ίδιος. Επίσης και σύμφωνα πάντα με τη δική μου αντίληψη, δεν υπάρχει βιβλίο στην αγγλική το οποίο περιέχει λυμένα προβλήματα στη ΦΣΥ για ένα εισαγωγικό μάθημα πάνω σε αυτό το αντικείμενο. Έτσι λοιπόν, το προτεινόμενο βιβλίο φιλοδοξεί να γίνει το πρώτο, ίσως, βιβλίο που θα επιλύει προβλήματα στη ΦΣΥ και θα λειτουργεί συμπληρωματικά ενός κύριου συγγράμματος που, παραδοσιακά, περιέχει τη σχετική θεωρία μαζί με, ως επί το πλείστον, άλυτες ασκήσεις (αν περιέχει ασκήσεις).Λόγω της πολυπλοκότητας των προβλημάτων στη ΦΣΥ, αρκετά από τα προβλήματα δεν επιδέχονται αναλυτικής μαθηματικής λύσης και ως εκ τούτου χρήζουν μεθόδων αριθμητικής ανάλυσης. Χαρακτηριστικό παράδειγμα η εύρεση των ενεργειακών ζωνών σε μονοδιάστατο στερεό που περιγράφεται από το πρότυπο Kronig-Penney (ίσως το απλούστερο κρυσταλλικό στερεό που μπορεί να φανταστεί κανείς) η οποία απαιτεί την αριθμητική επίλυση μη γραμμικών (υπερβατικών) εξισώσεων (βλέπε σχετικό απόσπασμα από ενδεικτικό κεφάλαιο). Έτσι, λοιπόν, στο προτεινόμενο βιβλίο θα περιέχονται και προβλήματα τα οποία επιλύονται μόνο με αριθμητικές μεθόδους όπου και θα παρατίθενται οι αντίστοιχοι αλγόριθμοι – πηγαίοι κώδικες σε γλώσσα FORTRAN 90 η οποία αποτελεί την επικρατούσα γλώσσα προγραμματισμού στις φυσικές επιστήμες. Τα επιλυόμενα προβλήματα αναφέρονται στη διδακτέα ύλη που αντιστοιχεί σε ένα εισαγωγικό μάθημα στη ΦΣΥ το οποίο, επιγραμματικά, καλύπτει τα θέματα του χημικού δεσμού στα στερεά, της κρυσταλλικής δομής και περίθλασης, της δυναμικής του πλέγματος (φωνόνια), των θερμικών ιδιοτήτων, του προτύπου των ελευθέρων ηλεκτρονίων, των ενεργειακών ζωνών ηλεκτρονίων και των ημιαγωγών.</subfield>
  </datafield>
  <datafield tag="650" ind1=" " ind2="0">
   <subfield code="a">Condensed matter</subfield>
   <subfield code="8">2432</subfield>
  </datafield>
  <datafield tag="653" ind1=" " ind2=" ">
   <subfield code="a">Δομή ενεργειακών ζωνών ηλεκτρονίων</subfield>
  </datafield>
  <datafield tag="653" ind1=" " ind2=" ">
   <subfield code="a">Πρότυπο ελέυθερων ηλεκτρονίων</subfield>
  </datafield>
  <datafield tag="653" ind1=" " ind2=" ">
   <subfield code="a">Ημιαγωγοί</subfield>
  </datafield>
  <datafield tag="653" ind1=" " ind2=" ">
   <subfield code="a">Θερμικές ιδιότητες στερεών</subfield>
  </datafield>
  <datafield tag="653" ind1=" " ind2=" ">
   <subfield code="a">Δυναμική πλέγματος</subfield>
  </datafield>
  <datafield tag="653" ind1=" " ind2=" ">
   <subfield code="a">Κρυσταλλική περίθλαση</subfield>
  </datafield>
  <datafield tag="653" ind1=" " ind2=" ">
   <subfield code="a">Κρυσταλλική δομή</subfield>
  </datafield>
  <datafield tag="653" ind1=" " ind2=" ">
   <subfield code="a">Φυσική</subfield>
   <subfield code="a">Συμπυκνωμένη ύλη: Ηλεκτρονική δομή, ηλεκτρικές, μαγνητικές και οπτικές ιδιότητες</subfield>
   <subfield code="a">Οπτικές ιδιότητες, φασματοσκοπία, αλληλεπιδράσεις ακτινοβολίας/σωματιδίων με τη συμπυκνωμένη ύλη</subfield>
  </datafield>
  <datafield tag="653" ind1=" " ind2=" ">
   <subfield code="a">Φυσική</subfield>
   <subfield code="a">Συμπυκνωμένη ύλη: δομικές, μηχανικές και θερμικές ιδιότητες</subfield>
   <subfield code="a">Επιφάνειες και διεπαφές, λεπτά υμένια, νανοδομές και νανοσυστήματα</subfield>
  </datafield>
  <datafield tag="653" ind1=" " ind2=" ">
   <subfield code="a">Φυσική</subfield>
   <subfield code="a">Συμπυκνωμένη ύλη: δομικές, μηχανικές και θερμικές ιδιότητες</subfield>
   <subfield code="a">Καταστατικές εξισώσεις, ισορροπία φάσεων και αλλαγές φάσης</subfield>
  </datafield>
  <datafield tag="653" ind1=" " ind2=" ">
   <subfield code="a">Φυσική</subfield>
   <subfield code="a">Συμπυκνωμένη ύλη: δομικές, μηχανικές και θερμικές ιδιότητες</subfield>
   <subfield code="a">Δυναμική πλέγματος</subfield>
  </datafield>
  <datafield tag="653" ind1=" " ind2=" ">
   <subfield code="a">Φυσική</subfield>
   <subfield code="a">Συμπυκνωμένη ύλη: δομικές, μηχανικές και θερμικές ιδιότητες</subfield>
   <subfield code="a">Δομή των στερεών και υγρών: κρυσταλλογραφία</subfield>
  </datafield>
  <datafield tag="653" ind1=" " ind2=" ">
   <subfield code="a">Φυσική</subfield>
   <subfield code="a">Συμπυκνωμένη ύλη: Ηλεκτρονική δομή, ηλεκτρικές, μαγνητικές και οπτικές ιδιότητες</subfield>
  </datafield>
  <datafield tag="653" ind1=" " ind2=" ">
   <subfield code="a">Φυσική</subfield>
   <subfield code="a">Συμπυκνωμένη ύλη: δομικές, μηχανικές και θερμικές ιδιότητες</subfield>
  </datafield>
  <datafield tag="700" ind1="1" ind2=" ">
   <subfield code="a">Παπανικολάου, Νικόλαος</subfield>
   <subfield code="e">Κριτικός αναγνώστης</subfield>
   <subfield code="8">876</subfield>
  </datafield>
  <datafield tag="856" ind1="4" ind2="0">
   <subfield code="u">http://hdl.handle.net/11419/1314</subfield>
   <subfield code="z">Πλήρες Κείμενο - Full text</subfield>
  </datafield>
  <datafield tag="907" ind1=" " ind2=" ">
   <subfield code="a">.b25679259</subfield>
   <subfield code="b">12-06-18</subfield>
   <subfield code="c">29-07-16</subfield>
  </datafield>
  <datafield tag="949" ind1=" " ind2=" ">
   <subfield code="0">0</subfield>
   <subfield code="1">0</subfield>
   <subfield code="2">ddc</subfield>
   <subfield code="4">0</subfield>
   <subfield code="6">530_400000000000000_ΓΙΑ</subfield>
   <subfield code="7">0</subfield>
   <subfield code="8">KALL</subfield>
   <subfield code="8">684</subfield>
   <subfield code="d">2016-04-13</subfield>
   <subfield code="r">2016-04-13</subfield>
   <subfield code="w">2016-04-13</subfield>
   <subfield code="z">530.4 ΓΙΑ</subfield>
   <subfield code="o">SEAB KALLIPOS</subfield>
  </datafield>
  <datafield tag="998" ind1=" " ind2=" ">
   <subfield code="a">80</subfield>
   <subfield code="a">01</subfield>
   <subfield code="a">02</subfield>
   <subfield code="a">03</subfield>
   <subfield code="a">04</subfield>
   <subfield code="a">05</subfield>
   <subfield code="a">06</subfield>
   <subfield code="a">07</subfield>
   <subfield code="a">08</subfield>
   <subfield code="a">09</subfield>
   <subfield code="a">10</subfield>
   <subfield code="a">11</subfield>
   <subfield code="a">12</subfield>
   <subfield code="a">13</subfield>
   <subfield code="a">14</subfield>
   <subfield code="a">15</subfield>
   <subfield code="a">16</subfield>
   <subfield code="a">17</subfield>
   <subfield code="a">18</subfield>
   <subfield code="a">19</subfield>
   <subfield code="a">20</subfield>
   <subfield code="a">21</subfield>
   <subfield code="a">22</subfield>
   <subfield code="a">23</subfield>
   <subfield code="a">24</subfield>
   <subfield code="a">25</subfield>
   <subfield code="a">26</subfield>
   <subfield code="b">16-05-17</subfield>
   <subfield code="c">m</subfield>
   <subfield code="d">z  </subfield>
   <subfield code="e">-</subfield>
   <subfield code="f">gre</subfield>
   <subfield code="g">gr </subfield>
   <subfield code="h">0</subfield>
  </datafield>
  <datafield tag="942" ind1=" " ind2=" ">
   <subfield code="2">ddc</subfield>
   <subfield code="c">KALLIPOS</subfield>
  </datafield>
 </record>
</collection>
